The inner circle / Brad Meltzer.
Record details
- ISBN: 9780446577892
- ISBN: 0446577898
- Physical Description: 449 pages ; 24 cm.
- Edition: First edition.
- Publisher: New York : Grand Central Pub., ©2011.
Search for related items by subject
| Subject: | United States. National Archives and Records Administration > Fiction. Archivists > Fiction. Conspiracies > Fiction. Suspense fiction. Political fiction Washington (D.C.) > Fiction. |
| LDR | 01251cam a2200349 a 4500 | ||
|---|---|---|---|
| 001 | 121261 | ||
| 003 | CONS | ||
| 005 | 20150120105413.0 | ||
| 008 | 100903s2011 nyu d 000 1 eng | ||
| 010 | . | ‡a 2010036506 | |
| 020 | . | ‡a9780446577892 | |
| 020 | . | ‡a0446577898 | |
| 035 | . | ‡a(CPomAG)LMN439710 | |
| 043 | . | ‡an-us-dc | |
| 050 | 0 | 0. | ‡aPS3563.E4496 ‡bI56 2011 |
| 082 | 0 | 0. | ‡a813/.54 ‡222 |
| 100 | 1 | . | ‡aMeltzer, Brad. |
| 245 | 1 | 4. | ‡aThe inner circle / ‡cBrad Meltzer. |
| 250 | . | ‡aFirst edition. | |
| 260 | . | ‡aNew York : ‡bGrand Central Pub., ‡c©2011. | |
| 300 | . | ‡a449 pages ; ‡c24 cm. | |
| 610 | 1 | 0. | ‡aUnited States. ‡bNational Archives and Records Administration ‡vFiction. |
| 650 | 0. | ‡aArchivists ‡vFiction. | |
| 650 | 0. | ‡aConspiracies ‡vFiction. | |
| 650 | 0. | ‡aSuspense fiction. | |
| 650 | 0. | ‡aPolitical fiction | |
| 651 | 0. | ‡aWashington (D.C.) ‡vFiction. | |
| 914 | . | ‡dLMN_cm ‡dNAC_cp | |
| 959 | . | ‡i32269000870876 ‡lF Mel ‡aAdult - Fiction ‡tFiction ‡g27.00 | |
| 852 | . | ‡p32269000870876 ‡jF Mel ‡jF Mel ‡gAdult - Fiction ‡gStorage - Adult ‡cFiction ‡cFiction ‡y27.00 ‡y27.00 ‡bSBPL | |
| 959 | . | ‡i32269001059370 ‡lF Mel ‡aStorage - Adult ‡tFiction ‡g27.00 | |
| 852 | . | ‡p32269001059370 ‡jF Mel ‡jF Mel ‡gAdult - Fiction ‡gStorage - Adult ‡cFiction ‡cFiction ‡y27.00 ‡y27.00 ‡bSBPL | |
| 901 | . | ‡a121261 ‡bUnknown ‡c121261 ‡tbiblio | |